Haight Ashbury maverick.

Bibliographic Details
New Title:Haight Ashbury tribune
Format: Microform Newspaper
Language:English
Published: San Francisco, Calif. : Haight Publishing Co.
Series:Underground newspaper collection.
Subjects:

MARC

Tag First Indicator Second Indicator Subfields
LEADER 00000cas a2200000 a 4500
001 in00000933821
005 20150924210956.0
007 hd afu|||buuu
008 841015d196u196uoh ar nea 0uuu 0eng d
035 |a (OCoLC)11266133 
035 |9 AER2379AM 
040 |a GZQ  |c GZQ  |d OCL  |d UtOrBLW 
043 |a n-us-ca 
049 |a TXAI 
090 |a AN2436  |b .S2 
099 |a film   |a  N   |a  427 
245 0 0 |a Haight Ashbury maverick. 
246 1 3 |a San Francisco maverick 
246 3 0 |a Maverick 
246 3 0 |a Haight Ashbury 
264 1 |a San Francisco, Calif. :  |b Haight Publishing Co. 
300 |a volumes :  |b illustrations 
336 |a text  |b txt  |2 rdacontent 
337 |a microform  |b h  |2 rdamedia 
338 |a microfilm reel  |b hd  |2 rdacarrier 
533 |a Microfilm.  |b Wooster, Ohio :  |c Micro Photo Division, Bell & Howell,  |d [19--].  |e  microfilm reels ; 35 mm.  |f (Underground newspaper collection). 
500 |a Microform. 
650 0 |a Underground press publications  |z California  |z San Francisco. 
752 |a United States  |b California  |d San Francisco. 
785 0 0 |t Haight Ashbury tribune  |w (OCoLC)7445411 
830 0 |a Underground newspaper collection. 
999 |a MARS 
999 f f |s bf1d2a5e-173e-3564-a7ed-2f1d0285643d  |i f1c810c4-e0db-3a89-9fee-943fbc1dd9dd  |t 0 
952 f f |p default  |a Texas A&M University  |b College Station  |c Sterling C. Evans Library  |d Evans: Microforms (3rd floor)  |t 0  |e film N 427 reel 8 no. 2  |h Other scheme  |i microform -- microfilm reel 
998 f f |a film N 427 reel 8 no. 2  |t 0  |l Evans: Microforms (3rd floor)